Génesis y clasificación de suelos /
Guardado en:
| Autor Principal: | |
|---|---|
| Otros Autores: | , |
| Formato: | Libro |
| Idioma: | Spanish |
| Publicado: |
México :
Trillas,
1991.
|
| Edición: | 2a ed. |
| Materias: | |
| Etiquetas: |
Agregar Etiqueta
Sin Etiquetas, Sea el primero en etiquetar este registro!
|
| LEADER | 01843nam a22004095a 4500 | ||
|---|---|---|---|
| 001 | EEA.libagro006243 | ||
| 005 | 20180626112824.0 | ||
| 008 | 130809s1991####mx#a##########000#0#spa#d | ||
| 020 | |a 9682439310 | ||
| 082 | 0 | 4 | |a 631.44 |
| 082 | 0 | 4 | |a 551.305 |
| 100 | 1 | |a Buol, S. W. | |
| 245 | 1 | 0 | |a Génesis y clasificación de suelos / |c S.W. Buol, F.D. Hole, R.J. McCraken. |
| 250 | |a 2a ed. | ||
| 260 | |a México : |b Trillas, |c 1991. | ||
| 300 | |a 417 p. : |b il. ; |c 23 cm. | ||
| 500 | |a Traducción de: Soil genesis and classification. Incluye bibliografías e índices. | ||
| 650 | 7 | |a Ciencia del suelo |2 agrovoc | |
| 650 | 7 | |a Clasificación de suelos |2 agrovoc | |
| 650 | 7 | |a Génesis del suelo |2 agrovoc | |
| 700 | 1 | |a Hole, F.D. | |
| 700 | 1 | |a McCraken, R.J. | |
| 859 | |a AR-BbBCA |b BIB. AGRONOMIA |h 631.44 |i B943a2 |p 1999/3604 | ||
| 859 | |a AR-BbBCA |b BIB. AGRONOMIA |h 631.44 |i B943a2 |p 1999/3643 |t Ej.2 | ||
| 859 | |a AR-BbBCA |b BIB. AGRONOMIA |h 631.44 |i B943a2 |p 1999/3644 |t Ej.3 | ||
| 859 | |a AR-BbBCA |b BIB. AGRONOMIA |h 631.44 |i B943a2 |p 1999/3645 |t Ej.4 | ||
| 859 | |a AR-BbBCA |b BIB. AGRONOMIA |h 631.44 |i B943a2 |p 1999/3646 |t Ej.5 | ||
| 859 | |a AR-BbBCA |b BIB. AGRONOMIA |h 631.44 |i B943a2 |p 1999/3679 |t Ej.6 | ||
| 859 | |a AR-BbBCA |b BIB. AGRONOMIA |h 631.44 |i B943a2 |p 1999/3711 |t Ej.7 | ||
| 859 | |a AR-BbBCA |b BIB. AGRONOMIA |h 631.44 |i B943a2 |p 1999/3712 |t Ej.8 | ||
| 859 | |a AR-BbBCA |b BIB. AGRONOMIA |h 631.44 |i B943a2 |p 1999/3713 |t Ej.9 | ||
| 859 | |a AR-BbBCA |b BIB. AGRONOMIA |h 631.44 |i B943a2 |p 1999/3714 |t Ej.10 | ||
| 859 | |a AR-BbBCA |b BIB. AGRONOMIA |h 631.44 |i B943a2 |p 1999/3715 |t Ej.11 | ||
| 859 | |a AR-BbBCA |b BIB. AGRONOMIA |h 631.44 |i B943a2 |p 2000/3954 |t Ej.12 | ||
| 859 | |a AR-BbBCA |b BIB. AGRONOMIA |h 631.44 |i B943a2 |p 2000/3955 |t Ej.13 | ||
| 859 | |a AR-BbBCA |b BIB. AGRONOMIA |h 631.44 |i B943a2 |p 2000/3956 |t Ej.14 | ||
| 859 | |a AR-BbBCA |b BIB. AGRONOMIA |h 631.44 |i B943a2 |p 2000/3957 |t Ej.15 | ||
